Statistics for Around the World - Frankfurt to Los Angeles

Click here to take the quiz!

General Stats

  • This quiz has been taken 80 times
  • The average score is 7 of 9

Answer Stats

Answer% Correct
{Atlantic} Ocean
96%
{Pacific} Ocean
96%
{North} Sea
93%
{English} Channel
89%
{Rhine} River
82%
{Panama} Canal
79%
{Caribbean} Sea
72%
{Main} River
72%
Gulf of {Panama}
36%

Score Distribution

Percentile by Number Answered

Percent of People with Each Score

Your Score History

You have not taken this quiz